College Quizbowl Stats
College Quizbowl Stats
Circuits
Seasons
Sets
Records
Detailed Stats
About
Loading...
2024 ACF Regionals @ Vanderbilt
Tossups
Bonuses
Players
Teams
Categories (Tossup)
Categories (Bonus)
Ashley Crawford
Harding A
Categories
Category
Powers
Gets
Negs
BBs
Points
Earliest Buzz
Avg. Buzz
First Buzzes
Top 3 Buzzes
Science - Chemistry
0
3
0
0
30
101
115.00
0
2
Fine Arts - Other Fine Arts
0
1
0
0
10
130
130.00
0
1
Literature - European Literature
0
1
0
0
10
153
153.00
0
0
Buzzes
Category
Answer
Value
Buzz Position
Science - Chemistry
stereoselectivity
10
101
Science - Chemistry
mass spectrometry
10
120
Science - Chemistry
nucleophilicity
10
124
Fine Arts - Other Fine Arts
saris
10
130
Literature - European Literature
Florence
10
153
Previous
1
Next